000 00834nam a2200241Ia 4500
003 OSt
005 20220927105308.0
006 a|||||r|||| 00| 0
007 ta
008 220926b |||||||| |||| 00| 0 eng d
024 _a156464
037 _cReference Collections
040 _aRTL
_cRTL
_beng
041 _2eng
_aeng
082 _a"X9(NA,2):(Z)p2,P06, P6"
110 _aNATIONAL COUNCIL OF APPLIED ECONOMIC RESEARCH
245 0 _aPublic private partnership in infrastructure industries and regulation
_b" workshop proceedings, April 10-11, 2006"
260 _aNew
_bDelhi National Council of Applied Economic Research
_c2006
300 _a"xiv, 38p"
_ccm.
700 _aNATIONAL COUNCIL OF APPLIED ECONOMIC RESEARCH
942 _h"X9(NA,2):(Z)p2,P06, P6"
_cCC
999 _c691637
_d691637